| 000 | 00973nam a22002171i 4500 | ||
|---|---|---|---|
| 001 | 181133 | ||
| 003 | ES-MaACL | ||
| 005 | 20230906221259.0 | ||
| 008 | 121023s1909 sp |||| | spa d | ||
| 100 | 1 |
_aMaeztu, María de, _d1881-1948 _975423 |
|
| 245 | 1 | 3 |
_aLa pedagogía en Londres y las escuelas de párvulos / _cpor María de Maeztu. |
| 260 |
_a[Madrid : _bJunta para Ampliación de Estudios e Investigaciones Científicas, _c1909] |
||
| 300 |
_aP. 287-315 ; _c23 cm. |
||
| 490 | 1 |
_aAnales de la Junta para Ampliación de Estudios e Investigaciones Científicas ; _vt. 1, memoria 8 |
|
| 650 | 4 |
_aPedagogía- _zGran Bretaña. _9151703 |
|
| 650 | 4 |
_aEnseñanza primaria- _zGran Bretaña. _9151704 |
|
| 710 | 2 |
_aJunta para la Ampliación de Estudios e Investigaciones Científicas. _95413 |
|
| 830 | 0 |
_aAnales de la Junta para Ampliación de Estudios e Investigaciones Científicas ; _vt. 1, memoria 8 _9186710 |
|
| 852 |
_aES-MaACL _jB-13157(8) |
||
| 999 |
_c181133 _d181133 |
||